Going to School in India/ (Record no. 202578)

MARC details
000 -LEADER
fixed length control field 00564 a2200193 4500
005 - DATE AND TIME OF LATEST TRANSACTION
control field 20240503103202.0
010 ## - LCCN (DPL NO)
LC control number B-758845
020 ## - INTERNATIONAL STANDARD BOOK NUMBER
International Standard Book Number 9780670049578
Terms of availability 495.00
035 ## - SYSTEM CONTROL NUMBER
System control number B-758845
037 ## - SOURCE OF ACQUISITION
Source of stock number/acquisition Gift/Unesco
082 ## - DEWEY DECIMAL CLASSIFICATION NUMBER
Classification number 370.954
100 ## - MAIN ENTRY--PERSONAL NAME
Personal name Heydlauff, Lisa
245 ## - TITLE STATEMENT
Title Going to School in India/
Remainder of title Lisa Heydlauff
260 ## - PUBLICATION, DISTRIBUTION, ETC. (IMPRINT)
Place of publication, distribution, etc New Delhi
Name of publisher, distributor, etc Penguin Enterprise
Date of publication, distribution, etc 2003
270 ## - ADDRESS
Address New Delhi
300 ## - PHYSICAL DESCRIPTION
Extent 142 p.;
Dimensions 24cm. (Hb)
942 ## - ADDED ENTRY ELEMENTS (KOHA)
Institution code [OBSOLETE] dpl
Item type English Books
Source of classification or shelving scheme Dewey Decimal Classification
Classification part 370.954
Call number suffix HEY
Holdings
Withdrawn status Lost status Not for loan Collection code Home library Current library Date acquired Source of acquisition Cost, normal purchase price Full call number Barcode Copy number Cost, replacement price Koha item type Public note
      Non-fiction Central Jail Tihar Central Jail Tihar 02/05/2024 Gift/29.4.24 495.00 370.954 HEY B-758845 1 495.00 English Books Gift

© Delhi Public Library
Hit Counter
free hit counter